000 00322 a2200133 4500
000 nam a22 7a 4500
100 _aParveer,Singh
110 _aParveer,Singh
245 _aवृचित्र निर्माण
250 _alatest edition
260 _bkalpna
_c2025
264 _bkalpna
_c2025
942 _cBK
999 _c397305
_d397305